| 000 | 01082cam a2200325 i 4500 | ||
|---|---|---|---|
| 999 |
_c200434808 _d53020 |
||
| 001 | 200434808 | ||
| 003 | TR-AnTOB | ||
| 005 | 20210416105143.0 | ||
| 006 | abdceb| p nd | ||
| 007 | mc hdbcdseuuiecei131219 | ||
| 008 | 171010s tu ||||e |||| 001 0 tur c | ||
| 020 | _a9786058881709 | ||
| 040 |
_aTTK _beng _erda _cTR-AnTOB _dTR-AnTOB |
||
| 041 | 0 | _atur | |
| 050 | 4 | _aBP189.7.B42 | |
| 090 |
_aBP189.7.B42 _b.F56 2018 |
||
| 100 | 0 |
_aFirdevsî-i Rumî, _d-1453 _eauthor _959372 |
|
| 245 | 1 | 0 |
_aManzum vilâyet-nâme : _bvilâyet-nâme-i Hâcî Bektaş Velî-i Horasanî : tenkitli metin / _cUzun Firdevsi ; hazırlayan M. Fatih Köksal. |
| 264 | 1 |
_aAnkara: _bAlevilik Araştırmaları ; _c2018. |
|
| 300 |
_axvi, 591 pages ; _c28 cm |
||
| 336 |
_atext _btxt _2rdacontent |
||
| 337 |
_aunmediated _bn _2rdamedia |
||
| 338 |
_2rdacarrier _avolume _bnc |
||
| 650 | 0 |
_aTürk şiiri _y15. yüzyıl _911956 |
|
| 650 | 7 |
_aŞiiler _xTarih _9122234 |
|
| 650 | 7 |
_aŞia _xTarih _2etuturkob _951854 |
|
| 700 | 1 |
_aKöksal, M. Fatih _4editor _9101784 |
|
| 942 |
_2lcc _cBK |
||